10 największych miast województwa zachodniopomorskiego - Statystyki

Ogólne statystyki
  • Ten quiz został rozwiązany 20 razy
  • Średni wynik to 9 z 10
Statystyki odpowiedzi
Ludność Miasto % Poprawnych
105 143 Koszalin
100%
66 272 Stargard
100%
387 700 Szczecin
100%
43 364 Kołobrzeg
95%
38 728 Świnoujście
95%
30 549 Police
89%
37 421 Szczecinek
79%
21 370 Goleniów
68%
23 422 Wałcz
68%
22 300 Białogard
63%
Nie znaleziono quizów pasujących do podanych kryteriów
Rozkład punktacji
Procent ludzi z każdym wynikiem
Percentyl według liczby udzielonych odpowiedzi
Twoja historia wyników
Nie rozwiązałeś tego quizu